000 00435nam a2200181Ia 4500
001 13874
005 20260306164833.0
008 260306t2001||||xx |||||||||||||| ||spa||
041 _aESP
082 _aS 005.43
_bP48
100 _aPetersen, Richard
_eAUT
245 0 _aFundamentos de programación en Linux
260 _c2001
300 _a449 pƔginas :
_c24 cm.
650 _aGEN
654 _aCCC
942 _cLIB
_dJUS
_fJUS
_2ddc
_n
999 _c13874
_d13874